000 00972cam a22002054a 4500
005 20250605163922.0
008 250528s ||||||||||||||||||||||||d
035 _a14434
020 _a9607019873
040 _aGR-AtMCL
_bgre
_dGR-AtMCL
_eAACR2
245 1 _aΨυχολογικές Κρίσεις και η Αντιμετώπισή Τους
260 _bΕλληνικά Γράμματα,
_c1993
300 _a216
520 _aΕισαγωγή, Τι Είναι η Ψυχολογική Κρίση;, Πως Αντιδρούμε στις Ψυχολογικές Κρίσεις;, Κατανοώντας την Κρίση, Ικανότητες Αντιμετώπισης, Παίρνοντας και Δίνοντας Βοήθεια, Ελέγχοντας το Άγχος, Η Ζωή μετά την Κρίση, Βιβλιογραφία.
700 1 _aParry Glenys
_991
700 1 _aΔέγλερης Νίκος Ε
_992
942 _cBK
999 _c67
_d67